00431nam a2200157Ia 4500008004100000020001800041082001900059100001500078245004400093250000700137260003000144300001100174440002500185500002400210650003900234120622s9999 xx 000 0 und d a968-427-008-9 a901 B868p 1978 aBrom, Juan aPara comprender la historia / Juan Brom a22 aMéxico : Nuestro Tiempo a171 p. aLa cultura al pueblo aEl ej. 2 es 23a ed. a1. HISTORIA \ 2. HISTORIOGRAFIAÌ